Fashion advertising and promotion /

This book is about: The spectrum of advertising and promotion; Planning, Advertising, and Promotion; Advertising media and the fashion segment they serve; Creating fashion advertisements; ...

Đã lưu trong:
Sonraí Bibleagrafaíochta
Príomhúdar: Diamond, Jay.
Údair Eile: Diamond, Ellen.
Formáid: Leabhar
Teanga:English
Foilsithe: Albany, N.Y. : Delmar, 1996.
Ábhair:
Clibeanna: Cuir Clib Leis
Gan Chlibeanna, Bí ar an gcéad duine leis an taifead seo a chlibeáil!
Thư viện lưu trữ: Mạng thư viện Đại học Đà Nẵng
LEADER 01125cam a2200361 i 4500
001 000048261
003 7969
005 20030304161754.0
008 010322|1996 vm 000 eng
020 |a 0827356269 
040 |a IRC  |c IRC  |d IRC 
041 0 |a eng 
082 1 4 |a 659.19391  |b DI-J 
100 1 |a Diamond, Jay. 
245 0 0 |a Fashion advertising and promotion /  |c Jay Diamond and Ellen Diamond. 
260 |a Albany, N.Y. :  |b Delmar,  |c 1996. 
300 |a x, 437 p., [16] p. of plates :  |b ill. (some col.) ;  |c 23.5cm. 
520 3 |a This book is about: The spectrum of advertising and promotion; Planning, Advertising, and Promotion; Advertising media and the fashion segment they serve; Creating fashion advertisements; ... 
630 0 4 |a Advertising. 
630 0 4 |a Fashion. 
650 0 4 |a Sales promotion. 
650 0 4 |a Advertising  |x Fashion. 
700 1 |a Diamond, Ellen. 
OWN |a DUT 
999 |a From the UDN01 
TYP |a Monograph 
TYP |a Printed language 
980 |a Mạng thư viện Đại học Đà Nẵng